000 00950nam0a22002651 4500
001 rc\4116658
005 20250611001044.0
035 _a(NLR Aleph) 007979897
090 _a8513307
_c8513307
100 _a20130415d1949 |||y0rusy50 ca
101 0 _arus
102 _aRU
105 _ay z |||||
200 1 _aНормативы времени на кокильное литье алюминия, бронзы, чугуна
_fМ-во трансп. машиностроения СССР. Гос. союзный проектно-технол. ин-т. Оргтрансмаш
205 _a2-е изд.
210 _aМосква
_cБ. и.
_d1949
215 _a[2], 40 с.
_d30
300 _aЛитогр.
300 _aВ предисл. указан сост. инж. Субач О.К.
702 1 _aСубач
_bО.К.
_4220
801 0 _aRU
_bNLR
_gpsbo
801 1 _aRU
_bELAR
_2rusmarc
852 _aNLR
_jТ36 Г-8/453
942 _cBOOK
980 _aNB